LEADER 01133nam0-22003731i-450- 001 990001316710403321 010 $a0-8218-4562-4 035 $a000131671 035 $aFED01000131671 035 $a(Aleph)000131671FED01 035 $a000131671 100 $a20000920d1991----km-y0itay50------ba 101 0 $aeng 200 1 $aConformal mappings and boundary value problems$fGuo Chun Wen. 210 $aProvidence$cAmerican Mathematical Society$d1991. 215 $aviii, 303 p.$d24 cm 225 1 $aTranslations of mathematical monographs$v106 300 $aTranslation from the Chinese by Kuniko Weltin 610 0 $aTeoria delle funzioni complesse 610 0 $aTrasformazioni conformi 610 0 $aFunzioni intere e meromorfe 610 0 $aProblemi al contorno 676 $a515.9 700 1$aWen,$bGuochun$f<1930- >$059627 801 0$aIT$bUNINA$gRICA$2UNIMARC 901 $aBK 912 $a990001316710403321 952 $aC-29-(106$b10067$fMA1 959 $aMA1 962 $a30C35 962 $a30E25 996 $aConformal mappings and boundary value problems$9382576 997 $aUNINA DB $aING01 LEADER 01410nam 2200445 450 001 9910155049103321 005 20150825135240.0 010 $a1-62081-499-4 035 $a(CKB)3710000000972815 035 $a(MiAaPQ)EBC4775233 035 $a(EXLCZ)993710000000972815 100 $a20170118h20122012 uy 0 101 0 $aeng 135 $aurcnu|||||||| 181 $2rdacontent 182 $2rdamedia 183 $2rdacarrier 200 00$aBattle of the bulb $elamps, lumens and the state of the United States lighting market /$fJasper A. Bennette and Alicia M. White, editors 210 1$aNew York, [New York] :$cNova,$d2012. 210 4$dİ2012 215 $a1 online resource (183 pages) 225 1 $aEnergy Policies, Politics and Prices 311 $a1-62081-491-9 320 $aIncludes bibliographical references at the end of each chapters and index. 410 0$aEnergy policies, politics and prices series. 606 $aElectric lamp industry$zUnited States 606 $aElectric lamps$zUnited States 607 $aUnited States$2fast 615 0$aElectric lamp industry 615 0$aElectric lamps 676 $a621.32 702 $aBennette$b Jasper A. 702 $aWhite$b Alicia M. 801 0$bMiAaPQ 801 1$bMiAaPQ 801 2$bMiAaPQ 906 $aBOOK 912 $a9910155049103321 996 $aBattle of the bulb$92881265 997 $aUNINA